Statistics for NHL Hockey Teams in Canada

Click here to take the quiz!

General Stats

  • This quiz has been taken 9,510 times
    (9,491 since last reset)
  • The average score is 13 of 14

Answer Stats

Answer% Correct
Toronto
97%
Montreal
95%
Vancouver
94%
Maple Leafs
92%
Ottawa
91%
Edmonton
91%
Calgary
90%
Canadiens
90%
Canucks
90%
Winnipeg
88%
Oilers
88%
Senators
84%
Flames
84%
Jets
82%

Score Distribution

Percentile by Number Answered

Percent of People with Each Score

Your Score History

You have not taken this quiz since the last reset